Państwa Afryki według pierwszej i ostatniej litery - Statystyki

Ogólne statystyki
  • Ten quiz został rozwiązany 840 razy
  • Średni wynik to 38 z 54
Odpowiedzi na mapie
Odpowiedzi zakodowano w zielono-czerwonej skali na mapie do tego quizu, zgodnie z poniższymi procentami.
 
Statystyki odpowiedzi
Kraj % Poprawnych
Egipt
94%
Republika Południowej Afryki
93%
Algieria
90%
Angola
89%
Libia
89%
Liberia
87%
Tunezja
87%
Maroko
86%
Mauretania
86%
Wyspy Świętego Tomasza i Książeca
86%
Etiopia
85%
Nigeria
85%
Namibia
84%
Republika Zielonego Przylądka
84%
Tanzania
84%
Erytrea
82%
Ghana
82%
Gambia
81%
Gwinea
81%
Gwinea Równikowa
81%
Somalia
81%
Republika Środkowoafrykańska
80%
Rwanda
80%
Demokratyczna Republika Konga
79%
Sudan
78%
Czad
76%
Madagaskar
76%
Mali
76%
Kongo
75%
Niger
74%
Kenia
73%
Malawi
73%
Zambia
69%
Sudan Południowy
67%
Botswana
62%
Mozambik
58%
Zimbabwe
58%
Lesotho
57%
Sierra Leone
57%
Togo
57%
Senegal
56%
Seszele
56%
Kamerun
55%
Uganda
53%
Wybrzeże Kości Słoniowej
52%
Eswatini
51%
Benin
50%
Burkina Faso
48%
Gabon
48%
Dżibuti
47%
Burundi
45%
Gwinea Bissau
35%
Mauritius
34%
Komory
31%
Nie znaleziono quizów pasujących do podanych kryteriów
Rozkład punktacji
Procent ludzi z każdym wynikiem
Percentyl według liczby udzielonych odpowiedzi
Twoja historia wyników
Nie rozwiązałeś tego quizu